banner-ar

ونحن نعيد البناء / (Record no. 66698)

MARC details
000 -الفاتح
حقل البيانات ثابتة الطول 01064nam a22002537a 4500
005 - وقت وتاريخ اخر تعامل مع التسجيلة
رقم الضبط 20240530110934.0
008 - عناصر البيانات ثابتة الطول - معلومات عامة
حقل البيانات ثابتة الطول 220221s ua c g b 000 0 ara d
017 ## - رقم الايداع القانونى
المصدر ( الهيئة المختصة) مصر. دار الكتب
040 ## - مصدر الفهرسة
وكالة الفهرسة الأصلية EG-CaGPL
وكالة النسخ EG-CaGPL
082 04 - رقم تصنيف ديوى العشرى
رقم الطبعة 21
رقم التصنيف 338.962 /
رقم المادة ع ث
100 0# - المدخل الرئيسى - إسم شخصى
الإسم الشخصى عبدالعظيم القرعلى
245 10 - بيان العنوان
العنوان ونحن نعيد البناء /
بيان المسئوليه,etc تاليف عبدالعظيم القرعلى ؛ تقديم عثمان احمد عثمان ، احمد كمال القلعاوى
260 ## - PUBLICATION, DISTRIBUTION, ETC. (IMPRINT)
تاريخ النشر أو التوزيع د. ت
300 ## - الوصف المادى
التعداد 197ص؛
أبعاد الوعاء 20سم
650 07 - المدخل الاضافى بالموضوع-مصطلح موضوعى
مصطلح موضوعي البناء والتعمير
مصدر الرأس أو المصطلح qrmak
650 07 - المدخل الاضافى بالموضوع-مصطلح موضوعى
مصطلح موضوعي نكسة 1967
مصدر الرأس أو المصطلح qrmak
650 07 - المدخل الاضافى بالموضوع-مصطلح موضوعى
مصطلح موضوعي المساكن
مصدر الرأس أو المصطلح qrmak
التقسيم الفرعي العام مصر
650 07 - المدخل الاضافى بالموضوع-مصطلح موضوعى
مصطلح موضوعي عثمان احمد عثمان
مصدر الرأس أو المصطلح qrmak
651 ## - المدخل الاضافى بالموضوع - اسم جغرافى
مصدر الرأس أو المصطلح qrmak
الاسم الجغرافي مدينة الاسماعيلية
700 ## - المدخل الاضافى - اسم شخصى
الإسم الشخصى عثمان احمد عثمان
الدور مقدم
700 ## - المدخل الاضافى - اسم شخصى
الإسم الشخصى احمد كمال القلعاوى
الدور مقدم
942 ## - عناصر المدخل الإضافي( كوها)
مصدر التصنيف او مخطط الترفيف Dewey Decimal Classification
Koha [default] item type كتاب
260 ## - PUBLICATION, DISTRIBUTION, ETC. (IMPRINT)
-- القاهرة :
-- مؤسسة دار التعاون للطبع والنشر ،
Holdings
حالة التراجع حالة الفقد حالة تلف ليس للاعارة المكان المؤقت الموقع الحالى موقع الترفيف تاريخ الاكتساب اجمالي اﻻعارات رقم الطلب الباركود تاريخ اخر مشاهدة تاريخ تفعيل السعر نوع وعاء كوها
        مكتبة القاهرة الكبرى مكتبة القاهرة الكبرى ق الرئيسية_العلوم الاجتماعية_ك عربى 09/19/2022   338.962 / ع ث 168505 09/19/2022 09/19/2022 كتاب

Powered By

EGPV